Emmy - Daytime Gameshow Host Quiz Stats

 Plays Quiz Updated May 1, 2018

Score 0/46 Timer 05:00
1 Play Today
Year Host % Correct
1990Bob Barker and Alex Trebek
97.7%
2000Bob Barker and Tom Bergeron
95.1%
1982Bob Barker
95%
1984Bob Barker
95%
1987Bob Barker
95%
1988Bob Barker
95%
1991Bob Barker
95%
1992Bob Barker
95%
1995Bob Barker
95%
1996Bob Barker
95%
1994Bob Barker
95%
2002Bob Barker
95%
2004Bob Barker
95%
2007Bob Barker
95%
1989Alex Trebek
88.6%
2003Alex Trebek
88.6%
2006Alex Trebek
88.6%
2008Alex Trebek
88.6%
2019Alex Trebek
88.2%
1993Pat Sajak
76.4%
1997Pat Sajak
76.4%
1998Pat Sajak
76.4%
2014Steve Harvey
56.3%
Year Host % Correct
2017Steve Harvey
55.9%
2001Regis Philbin
54.9%
1978Richard Dawson
48.2%
1979Dick Clark
36.4%
1985Dick Clark
36.4%
1986Dick Clark
36.4%
2018Wayne Brady
34.7%
1983Betty White
22.4%
1976Allen Ludden
22.3%
1974Peter Marshall
21.9%
1975Peter Marshall
21.9%
1980Peter Marshall
21.9%
1981Peter Marshall
21.9%
1999Ben Stein and Jimmy Kimmel
17.2%
2005Meredith Vieira
17%
2009Meredith Vieira
17%
1977Bert Convy
14.6%
2013Ben Bailey
13.7%
2010Ben Bailey
12.1%
2011Ben Bailey
11.8%
2012Todd Newton
9.2%
2016Craig Ferguson
8.9%
2015Craig Ferguson
8.5%

You're not logged in!

Compare scores with friends on all Sporcle quizzes.
OR
Log In

Sporcle TV

Today on Sporcle TV


Watch our educational content, quiz creation guides, and fun videos on Sporcle TV.

Show Comments

Extras

Top Quizzes Today


Score Distribution

Your Account Isn't Verified!

In order to create a playlist on Sporcle, you need to verify the email address you used during registration. Go to your Sporcle Settings to finish the process.

Report this User

Report this user for behavior that violates our Community Guidelines.

Details: